| 000 | 01497cam a2200385 i 4500 | ||
|---|---|---|---|
| 001 | 768714001 | ||
| 003 | CO-MdFUSB | ||
| 005 | 20220517093705.0 | ||
| 007 | ta | ||
| 008 | 090327t2009 miu b 001 0 eng | ||
| 020 | _a9781587431401 | ||
| 029 | 1 |
_aNZ1 _b13167299 |
|
| 040 |
_aDLC _cCO-MdFUSB _dYDXCP _dCO-MdFUSB _bEspañol _erda |
||
| 041 | _aeng | ||
| 049 | _aPTSS | ||
| 082 | 0 | 0 |
_a220.77 _224 _bB827n |
| 100 | 1 |
_aStubbs, David L. _d1964- _eautor |
|
| 245 | 1 | 0 |
_aNumbers / _cDavid L. Stubbs. |
| 264 | 1 |
_aGrand Rapids, Mich. : _bBrazos, _c[2009] |
|
| 264 | 4 | _c© 2009 | |
| 300 |
_a269 páginas ; _c24 cm. |
||
| 336 |
_2rdacontent _atexto _btxt |
||
| 337 |
_2rdamedia _asin mediación _bn |
||
| 338 |
_2rdacarrier _avolumen _bnc |
||
| 490 | _aBrazos theological commentary on the Bible | ||
| 504 | _aIncluye referencias bibliográficas e índices. | ||
| 505 | _aUna imagen del reino sacerdotal (1:1-4:49) -- La ética del pueblo santo de Dios (5:1-6:27) -- Lugares santos, pueblo santo, tiempos santos (7:1-10:10 ) -- Un buen comienzo (10:11-36) -- Dios bendice a Israel a través de Balac y Balaam (22:1-24:25) -- Rebelión final y expiación (25:1-18) -- Un nuevo comienzo para Israel (26:1-30:16) -- Etapas finales y resumen del viaje de cuarenta años (31:1-33:49) | ||
| 563 | _aPasta dura | ||
| 653 | _aBiblia -- Números -- Comentarios | ||
| 942 | _cREF | ||
| 945 | _aJTF-925 | ||
| 999 |
_c47115 _d47115 |
||